| 000 | 01379cam a2200241 4500 | ||
|---|---|---|---|
| 001 | WB3845-21 | ||
| 008 | 021205n2002 000 0 eng u | ||
| 035 | _a(Sirsi) u120678 | ||
| 245 | _aR( on the application of Medway Council and others) v SoS Transport , Local Government and the Regions) | ||
| 260 | _c2002 | ||
| 490 |
_aEstates Gazette _v[2002] 49 122 (CS) |
||
| 520 | _aQBD 26 November 2002. An application for a judicial review of a decision by SoS Transport to exclude Gatwick Airport from a consultation document "Future development of air transport in the United Kingdom: South East" was allowed on the grounds that its exclusion was irrational, "Wednesbury" unreasonable, and failed to take material conservation obligations into consideration with regard to one of the alternative sites considered. Full judgment available on the Bailii website www.bailii.org/ew/cases/EWHC/Admin/2002/2516.html Consultation paper available on www.aviation.dft.gov.uk/consult/airconsult/index.htm | ||
| 590 | _aWB | ||
| 650 | _aR V SOS TRANSPORT EX P MEDWAY | ||
| 650 | _aGATWICK AIRPORT | ||
| 650 | _aAIRPORT EXPANSION | ||
| 650 | _aRUNWAYS | ||
| 650 | _aWEDNESBURY PRINCIPLES | ||
| 650 | _aJUDICIAL REVIEW | ||
| 690 |
_aPlanning and development _96259 |
||
| 856 |
_uwww.bailii.org/ew/cases/EWHC/Admin/2002/2516.html _hView judgment on Bailii website |
||
| 942 | _n0 | ||
| 999 |
_c71713 _d71713 |
||